000 00919nam a2200265 a 4500
001 BRCA_4339
005 20190320204631.0
008 081208s1953----u--a######---#000-0#eng-#
041 _aeng
044 _au
050 4 _aND813
_b.T75 2
_c1953
100 1 _aTrapier, Elizabeth du Gué
_911105
245 1 0 _aLuis de Morales and Leonardesque influences in Spain
_cby Elizabeth du Gué Trapier.
260 _aNueva York
_bThe Hispanic Society of America
_c1953
300 _a45 p.
_bil., 20 láminas
_c22 cm.
440 0 _aHispanic Notes & Monographs: essays, studies, and brief biographies issued by Hispanic Society of America
_97871
500 _aIncluye índice de artistas
500 _aEjemplar igual a AA16
500 _aS57
504 _aBibliografía: p. 41-44
600 1 4 _aMorales, Luis de
_cllamado El Divino
_ySiglo XVI
_97880
650 1 4 _aPintores españoles
_97620
902 _aGFM
942 _2lcc
_cB
999 _c4050
_d4050